000 01298nam0a2200361 4500
001 RU\NLR\bibl\282131
005 20260607083121.0
010 _a5-8138-0325-4
_97000
021 _aRU
_b2002-8873
_9438
035 _a(NLR Aleph) 000277602
090 _a1624075
_c1624075
100 _a20020618d2002 u y0rusy50 ca
101 1 _arus
_ceng
102 _aRU
105 _ay |||||||||
200 1 _aИстория шпионажа
_fСанш Де Грамон
_g[Пер. с англ. А.С. Матвеева
_gПредисл. М. Рабиновича]
210 _aСмоленск
_cРусич
_d2002
215 _a525,[2] с.
_d21
225 1 _aМир в войнах
606 _aРазведка (воен.) советская
_xИстория
_z1941 - 1945
_92078457
_3RU\NLR\auth\661254315
610 0 _aРазведка и контрразведка - История
610 0 _a"Холодная война" (ист.)
675 _a355.40(091)
_v3
_zrus
686 _a67.401.212
_2rubbk
686 _aЦ68,5(0)-1
700 1 _4070
_7ca
_8rus
_aДе Грамон
_bС.
_gСанш
_9122537
_3RU\NLR\auth\7712827
801 0 _aRU
_bRKP
_c20020618
_gPSBO
801 1 _aRU
_bRKP
_c20020618
801 2 _aRU
_bNLR
_c20020802
_grcr
942 _cBOOK
980 _aNB
980 _aNBR